Anaphoric relations in hindi and english (Record no. 1543)

MARC details
000 -LEADER
fixed length control field 00529nam a2200181Ia 4500
020 ## - INTERNATIONAL STANDARD BOOK NUMBER
ISBN 590a81-215-051-9
082 ## - DEWEY DECIMAL CLASSIFICATION NUMBER
Classification number 491.43 GUR-;
100 ## - MAIN ENTRY--AUTHOR NAME
Personal name Gurtu, Madhu
245 #0 - TITLE STATEMENT
Title Anaphoric relations in hindi and english
260 ## - PUBLICATION, DISTRIBUTION, ETC. (IMPRINT)
Place of publication New Delhi
Name of publisher Munshiram Manoharlal Publishers
Year of publication 1992
300 ## - PHYSICAL DESCRIPTION
Number of Pages x, 119p.
504 ## - BIBLIOGRAPHY, ETC. NOTE
Bibliography, etc includes bibliography and index
650 ## - SUBJECT ADDED ENTRY--TOPICAL TERM
Topical Term Anaphora (Linguistics)
650 ## - SUBJECT ADDED ENTRY--TOPICAL TERM
Topical Term Cross-reference (Linguistics)
650 ## - SUBJECT ADDED ENTRY--TOPICAL TERM
Topical Term Hindi language - Anaphora
650 ## - SUBJECT ADDED ENTRY--TOPICAL TERM
Topical Term English language - Anaphora
942 ## - ADDED ENTRY ELEMENTS (KOHA)
Koha item type Books
Holdings
Withdrawn status Lost status Damaged status Not for loan Home library Current library Date acquired Bill Date Full call number Accession Number Price effective from Koha item type
        NASSDOC Library NASSDOC Library 08/06/2004 2008-12-30 491.43 GUR-; 32223 18/04/2019 Books